000 00289nam a22001097a 4500
082 _a800/SRI
100 _aSrivastav,Prem Kumari
_981431
245 _aTribal Litreature And Oral Expression In India
260 _aNew Delhi
_bSahitya Akedemi
_c2021
650 _aLitreature
_936251
942 _cBK
999 _c65429
_d65429